| 000 | 00710cam a2200229 a 4500 | ||
|---|---|---|---|
| 020 | _a1559349778 | ||
| 040 | _cDLC | ||
| 082 | 0 | 0 | _a305 MAY 1998 A020 Or. |
| 245 | 0 | 0 |
_aLiving in America : _ba popular culture reader / |
| 260 |
_aMountain View, Calif. : _bMayfield Pub. Co., _cc1998. |
||
| 300 |
_axxiii, 578 p. : _bill. ; _c24 cm. |
||
| 500 | _aIncludes index. | ||
| 650 | 0 | _aMinorities | |
| 650 | 0 | _aPopular culture | |
| 650 | 0 | _aCultural pluralism | |
| 650 | 0 | _aAmerican literature | |
| 700 | 1 | _aMurray, Patricia Y. | |
| 700 | 1 | _aCovell, Scott F. | |
| 856 | 4 | 2 | _uhttp://www.loc.gov/catdir/description/mh024/97029734.html |
| 856 | 4 | 1 | _uhttp://www.loc.gov/catdir/toc/mh023/97029734.html |
| 942 | _cEK | ||
| 999 |
_c12428 _d12428 |
||